Britannia : (Registro nro. 13203)
[ vista simple ]
| 000 -LIDER | |
|---|---|
| fixed length control field | 00615nam a22001937a 4500 |
| 003 - IDENTIFICACDOR DE NÚMERO DE CONTROL | |
| control field | DO-SdBNP |
| 005 - DATE AND TIME OF LATEST TRANSACTION | |
| control field | 20171129103951.0 |
| 008 - ELEMENTOS DE LONGITUD FIJA | |
| fixed length control field | 171129b 1995 sp 00| 0 spa d |
| 020 ## - ISBN | |
| International Standard Book Number | 8479710748 |
| 040 ## - FUENTE DE CATALOGACIÓN | |
| Agencia que crea de manera original el registro | DO-SdBNP |
| Idioma de catalogación | spa |
| Agencia que realiza la transcripción | DO-SdBNP |
| 082 ## - NÚMERO DE CLASIFICACIÓN DECIMAL DE DEWEY | |
| Classification number | ss |
| Item number | ss |
| 245 ## - MENCIÓN DE TITULO | |
| Título | Britannia : |
| Subtítulo | diccionario castellano - Inglés = Britannia english - espanish / |
| 246 ## - VARIACION DEL TÍTULO | |
| Título propiamente dicho o título corto | Britannia english - espanish |
| 260 ## - PUBLICACIÓN, DISTRIBUCIÓN, ETC. (PIE DE IMPRENTA) | |
| Lugar de publicación, distribución, etc | Madrid : |
| Nombre del editor, distribuidor, etc. | Servilibro Ediciones, |
| Fecha de publicación, distribución, etc | 1995 |
| 300 ## - DESCRIPCIÓN FÍSICA | |
| Extensión | 1v. con varias paginaciones |
| Dimensiones | 21 cm. |
| 942 ## - ADDED ENTRY ELEMENTS (KOHA) | |
| Source of classification or shelving scheme | Dewey Decimal Classification |
| Koha item type | Libros |
| 945 ## - INFORMACIÓN DE PROCESAMIENTO LOCAL | |
| Información de procesamiento local | Inventariado extranjero / 2017 VM |
| 956 ## - LOCAL ELECTRONIC LOCATION AND ACCESS (OCLC) | |
| Nombre de host | VMATEO |
| Número de acceso | 10 |
| Información de compresión | 20171129 |
| Trayectoria | BPSMU |
| Nombre Electrónico | 0069 |
| Withdrawn status | Lost status | Source of classification or shelving scheme | Damaged status | Not for loan | Collection code | Home library | Current library | Date acquired | Total Checkouts | Full call number | Barcode | Date last seen | Price effective from | Koha item type |
|---|---|---|---|---|---|---|---|---|---|---|---|---|---|---|
| Dewey Decimal Classification | Colección General | Biblioteca Pública Metropolitana Salomé Ureña | Biblioteca Pública Metropolitana Salomé Ureña | 11/29/2017 | ss ss | BPMSU27110527 | 11/29/2017 | 11/29/2017 | Libros |